[Event "58. BEM 2004"]
[Site "Dortmund"]
[Date "2004.03.08"]
[Round "4.6"]
[White "Gorval, Evgueni"]
[Black "Gielisch, Eckhart"]
[Result "1-0"]
[WhiteElo "2089"]
[BlackElo "1851"]
[Annotator "Fritz 7 (15s)"]
[PlyCount "35"]
[EventDate "2004.??.??"]
[Source "SG Dortmund"]
[SourceDate "2004.12.16"]

{C02: French: Advance Variation
} 1. e4 e6 2. d4 d5 3. e5 c5 4. c3 Nc6 5. Nf3
Qb6 6. Bd3 cxd4 7. cxd4 Bd7 8. O-O Nxd4 9. Nxd4 Qxd4 10. Nc3 Ne7 11. Re1 (11.
Nb5 Qxe5 12. Re1 Qb8 13. Qf3 Bxb5 14. Bxb5+ Nc6 15. Qxd5 Qd6 16. Qf3 Be7 17.
Bf4 Qc5 18. Re5 Qb6 19. Be3 Qc7 20. Rh5 a6 21. Bf4 Bd6 22. Bxc6+ bxc6 23. Bxd6
Qxd6 24. Rd1 Qc7 25. Rc1 O-O 26. Qxc6 {
1/2-1/2 Maciejewski,A-Suetin,A/Rostock 1983/EXT 2001 (26)}) 11... Qb6 $146 (
11... Nc6 12. Be3 Qh4 13. Nb5 Qd8 14. Qc1 a6 15. Bg5 Qb8 16. Nc3 Nxe5 17. Qd2
Bd6 18. Nxd5 exd5 19. f4 O-O 20. fxe5 Bxe5 21. Qe2 Re8 22. Qh5 g6 23. Qh4 Qd6
24. Rf1 Re6 25. Rf3 f6 26. Bd2 Re7 27. Kh1 Rf7 28. Raf1 Bb5 29. Bb4 Qb6 30.
Bxb5 Qxb5 31. Rd1 Rc8 32. Ba3 Qe2 33. Re1 Qd2 {
0-1 Frost,N-Churm,R/Birmingham 2001/CBM 79 ext (33)}) (11... Nf5 12. Bxf5 Qxd1
13. Rxd1 exf5 14. Nxd5 Rc8 15. Bg5 h6 16. Bh4 Rc6 17. f4 Bc5+ 18. Kh1 Bb6 19.
Rd2 Bd8 20. Bxd8 Kxd8 21. Rad1 Re8 22. b4 Kc8 23. b5 Rg6 24. a4 a6 25. b6 Bxa4
26. Ne7+ {1-0 Ibanez Aullana,J-Garcia Cortes,J/Valencia 1992/EXT 98 (26)}) 12.
Kh1 Rc8 13. Rb1 a6 14. Qg4 Bb5 $4 {vergibt den Vorteil} (14... Ng6 $142 $17)
15. Be3 $16 Qc6 16. Nxb5 axb5 17. Qb4 Nf5 $2 (17... Qa6 $142 $14 {
damit waere Schwarz im Spiel geblieben}) 18. Qa5 (18. Qa5 b6 19. Bxb6 $18) (18.
Qb3 $5 Qd7 (18... Nxe3 $4 {ein boeser Fehlgriff} 19. Bxb5 (19. Rxe3 $6 b4 $16)
19... Nf5 20. Bxc6+ bxc6 21. Qb7 $18) 19. Bxb5 Rc6 $18) 1-0

[Event "58. BEM 2004"]
[Site "Dortmund"]
[Date "2004.03.08"]
[Round "4.7"]
[White "Hellwig, Thomas"]
[Black "Litwak, Aleksej"]
[Result "0-1"]
[WhiteElo "1806"]
[BlackElo "2067"]
[Annotator "Fritz 7 (15s)"]
[PlyCount "52"]
[EventDate "2004.??.??"]
[Source "SG Dortmund"]
[SourceDate "2004.12.16"]

{E15: Queen's Indian: 4 g3 sidelines, 4 g3 Ba6 and 4 g3 Bb7 early deviations
} 
1. d4 Nf6 2. c4 e6 3. Nf3 b6 4. g3 Ba6 5. b3 b5 6. Bg2 bxc4 7. Ne5 d5 (7...
Bb4+ 8. Kf1 c6 (8... d5 9. bxc4 O-O 10. c5 Nfd7 11. Qa4 Nxe5 12. Qxb4 Nc4 13.
Nd2 Qf6 14. Qc3 Nc6 15. Nxc4 Bxc4 16. Be3 Rab8 17. Bf3 Qxf3 {
0-1 Baquero,L-Agrest,E/Porto San Giorgio 2000/EXT 2001 (17)}) 9. bxc4 O-O 10.
Nd3 Be7 11. c5 d6 12. Ba3 Bxd3 13. Qxd3 dxc5 14. Bxc5 Bxc5 15. dxc5 Nd5 16. Nd2
Nd7 17. Nb3 Rb8 18. Rc1 Ne5 19. Qd4 Qc7 20. Bxd5 exd5 21. Kg2 a5 22. Nxa5 {
Shumiakina,T-Sax,G/Dubai 2000/EXT 2001/0-1 (53)}) 8. bxc4 Bb4+ 9. Nd2 $146 (9.
Bd2 Bxd2+ 10. Nxd2 c6 11. O-O O-O 12. Rb1 Nfd7 13. Nxd7 Nxd7 14. Qa4 Qc8 15.
cxd5 cxd5 16. Rfc1 Nb6 17. Qa5 Bc4 18. e3 Qd8 19. Nxc4 Nxc4 20. Qxd8 Raxd8 21.
Rb7 Ra8 22. Bf1 Nd6 23. Rd7 Rfd8 {
Arnett,D-Ashley,M/New York 1994/CBM 43/1/2-1/2 (52)}) 9... O-O 10. O-O Bc3 11.
Ba3 Bxa1 12. Qxa1 ({Schwaecher ist} 12. Bxf8 Bxd4 13. Nef3 Bxf2+ (13... Kxf8
$143 14. Nxd4 c5 15. N4f3 $15) 14. Rxf2 Qxf8 15. cxd5 exd5 $17) 12... Re8 13.
Rc1 Nfd7 14. Nxd7 Qxd7 15. cxd5 exd5 16. e3 c6 17. Nb3 Bc4 {
Hier steht der schwarze Laeufer gut} 18. Nc5 Qc7 19. Bb4 a5 20. Ba3 Na6 21. e4
Nxc5 22. Bxc5 Rab8 23. e5 Rb5 24. f4 Qb7 25. Bh3 Rb2 26. a3 $4 {
auch bessere Zuege haetten die Partie nicht gerettet.} (26. a4 $19) 26... Qb3 (
26... Qb3 27. Bg2 Be2 $19) 0-1

[Event "58. BEM 2004"]
[Site "Dortmund"]
[Date "2004.03.08"]
[Round "4.8"]
[White "Barskij, Aleksandr"]
[Black "Zeldin, Vitali"]
[Result "0-1"]
[WhiteElo "1828"]
[BlackElo "1918"]
[Annotator "Fritz 7 (15s)"]
[PlyCount "106"]
[EventDate "2004.??.??"]
[Source "SG Dortmund"]
[SourceDate "2004.12.16"]

{B70: Sicilian Dragon: 6 g3 and 6 Be2 (without a later Be3)
} 1. e4 c5 2. Nf3
d6 3. d4 cxd4 4. Nxd4 Nf6 5. Nc3 g6 6. Be2 Bg7 7. O-O O-O 8. Nb3 Nc6 9. Bg5 h6
10. Be3 (10. Bh4 Bd7 11. Kh1 a6 12. a4 Na5 13. Nxa5 Qxa5 14. f4 Bc6 15. Bd3 Qb4
16. Qd2 b5 17. axb5 axb5 18. Rab1 Rfe8 19. Qe2 Qa5 20. b4 Qb6 21. e5 Nd7 22.
Bf2 Qb7 23. Bg3 dxe5 24. fxe5 Nxe5 {
Mamedov,N-Samedli,R/Baku 2001/EXT 2002/1-0 (48)}) 10... Ne5 $146 (10... a6 11.
a4 b6 (11... Be6 12. f4 Na5 13. f5 Bxb3 14. cxb3 Rc8 15. Rc1 Nc6 16. Kh1 Ne5
17. b4 Kh7 18. Qb3 Qd7 19. b5 axb5 20. Bxb5 Nc6 21. Nd5 Rb8 22. Qc2 Ng4 23. Bg1
Nge5 24. Rcd1 Rfd8 25. Qe2 Qe8 26. a5 {
Zhelnin,V-Mrozek,P/Katowice 1995/EXT 2000/1-0 (41)}) 12. Nd5 Nxd5 13. exd5 Ne5
14. Bd4 g5 15. c4 a5 16. Qd2 e6 17. Qe3 Rb8 18. dxe6 Bxe6 19. Nd2 Re8 20. Qc3
f6 21. Qb3 Bf7 22. Rfe1 Re7 23. Rad1 Qe8 24. Bf1 Kh8 25. Re3 {
Zhelnin,V-Zowada,K/Katowice 1995/EXT 2000/1-0 (41)}) (10... a5 11. a4 Nb4 12.
f4 Be6 13. Rf2 Rc8 14. Bf3 Bxb3 15. cxb3 e6 16. Rd2 d5 17. e5 Ne8 18. Nb5 f6
19. Bg4 Qe7 20. Nd4 Nc7 21. exf6 Bxf6 22. Rc1 Na2 23. Rcc2 Nb4 24. Rc1 Na2 25.
Ra1 {Esplana,C-Alvarado,C/Lima 1999/CBM 73 ext/1-0 (49)}) 11. h3 {
Verhindert das Eindringen auf g4} 11... Be6 12. f4 Nc4 13. Bxc4 Bxc4 14. Rf2 b5
15. Qf3 {Ermoeglicht auch f5} 15... b4 16. Nd5 Nxd5 17. exd5 Bxb2 18. Rb1 Bg7
19. f5 Kh7 (19... a5 $5 $17) 20. Qe4 $11 Bxb3 21. cxb3 a5 22. Rbf1 Bf6 23. h4
Kg7 24. Rf3 Qe8 25. fxg6 fxg6 26. Bd4 h5 27. Re1 Qf7 28. Ref1 Rae8 29. Re1 Kh7
30. Bb6 Ra8 31. Be3 Qg7 32. Bg5 (32. Ref1 Be5 $11) 32... Ra7 (32... Bxg5 33.
hxg5 Rxf3 34. Qxf3 $17) 33. Kh1 Rc7 34. Qe6 (34. Ref1 $142 $5 $11 {
sieht gut aus}) 34... Bxg5 $17 35. hxg5 Rxf3 36. gxf3 Qf8 37. Kg2 (37. Qe4 Qf5
38. Qxf5 gxf5 $17) 37... Kg7 (37... Qf4 $142 $5 38. Qe3 Qxe3 39. Rxe3 Kg7 $19)
38. Kg3 Qf7 39. Re2 (39. Qe4 $5 $17) 39... Qxe6 $19 40. Rxe6 (40. dxe6 $142 Rc5
41. f4 $19) 40... Kf7 41. Kf4 Rc2 42. Re4 Rd2 43. Ke3 Rxd5 44. f4 e5 45. Rc4
exf4+ 46. Kxf4 Rf5+ 47. Ke3 Rxg5 48. Rc6 Ke6 49. Ra6 h4 50. Ra7 (50. Ra8 $19 {
verlaengert das Leiden}) 50... h3 51. Rh7 Rh5 52. Rxh5 (52. Rc7 {
wuerde die Partie unwesentlich verlaengern} 52... h2 53. Rc1 $19) 52... gxh5
53. Kf3 d5 (53... d5 54. Kg3 d4 $19) 0-1

[Event "58. BEM 2004"]
[Site "Dortmund"]
[Date "2004.03.08"]
[Round "4.9"]
[White "Borjini, Mohamed"]
[Black "Volmer, Martin"]
[Result "1-0"]
[WhiteElo "1918"]
[BlackElo "1779"]
[Annotator "Fritz 7 (15s)"]
[PlyCount "61"]
[EventDate "2004.??.??"]
[Source "SG Dortmund"]
[SourceDate "2004.12.16"]

{B33: Sicilian: Pelikan and Sveshnikov Variations
} 1. e4 c5 2. Nf3 Nc6 3. d4
cxd4 4. Nxd4 Nf6 5. Nc3 e5 6. Ndb5 d6 7. Bg5 a6 8. Na3 b5 9. Nd5 Be7 10. Bxf6
Bxf6 11. c3 O-O 12. Nc2 Be6 13. Nce3 Bg5 14. g3 (14. Be2 Bxe3 15. Nxe3 Ne7 16.
Bf3 Rb8 17. O-O f5 18. exf5 Nxf5 19. Bd5 Bxd5 20. Qxd5+ Kh8 21. Nxf5 Rxf5 22.
Rfd1 Qb6 23. Rd2 Rf6 24. Qe4 Rbf8 25. Qe2 h6 26. Re1 Kg8 27. Qe3 Qxe3 28. Rxe3
Kf7 29. Red3 Ke7 30. f3 g5 31. h3 h5 32. Kh2 Rc8 33. Kg3 Rc4 34. Rd5 {
1/2-1/2 Ptacnik,P-Choleva,Z/CZE 1997/EXT 99 (34)}) (14. a4 Rb8 15. h4 Bh6 16.
axb5 axb5 17. Ra6 Bxe3 18. Rxc6 Bc5 19. b4 Ba7 20. Rxd6 Qe8 21. Be2 Rc8 22. O-O
f5 23. Bxb5 Qf7 24. Bd7 Rfe8 25. Bxc8 Rxc8 26. exf5 Bxf5 27. Qf3 Kh8 28. Ne7
Qxe7 29. Qxf5 Rc7 30. Re6 Qd8 31. Qxe5 Rc8 32. Re7 {1-0 Ortiz Fernandez,
V-Ramirez Garrastacho,M/Mondariz Balneario 2000/EXT 2001 (32)}) 14... Bxe3 $146
(14... Rb8 15. Bg2 a5 16. O-O b4 17. f4 exf4 18. gxf4 Bh6 19. Nc4 Rb5 20. Nxd6
Bxd5 21. exd5 Qxd6 22. dxc6 Qc7 23. c4 Rbb8 24. Qg4 f5 25. Bd5+ Kh8 26. Qf3
Rbe8 27. Rad1 g6 28. Kh1 Re7 29. Qf2 {
Zoister,S-Schiestl,J/Austria 1996/EXT 98/1-0 (41)}) (14... Ne7 15. Bg2 Nxd5 16.
Nxd5 Bxd5 17. Qxd5 Qd7 18. O-O Rfd8 19. Rfd1 Rac8 20. Rd3 Rc4 21. Rad1 Be7 22.
Qxe5 dxe5 23. Rxd7 Rxd7 24. Rxd7 Bf8 25. a3 a5 26. Bf1 Rc5 27. Rb7 b4 28. axb4
axb4 29. Rxb4 {Haas,T-Auffret,J/Meudon 1992/EXT 98/1-0 (50)}) (14... g6 15. Bg2
Rb8 16. O-O Bxe3 17. Nxe3 Ne7 18. Qd2 Qc7 19. Rfd1 Rb6 20. Qe2 a5 21. Rd2 a4
22. a3 Kg7 23. Re1 f6 24. f4 Bb3 25. f5 Qc5 26. Kh1 Rd8 27. Qf2 Rc6 28. fxg6
hxg6 29. Qf3 Be6 30. Rf1 Rf8 31. Re1 Rcc8 32. Red1 Bb3 33. Re1 {
1/2-1/2 Wolny,R-Liszka,Z/Bydgoszcz 1978/EXT 2001 (33)}) 15. Nxe3 Ne7 16. Bg2
Rc8 17. O-O Qb6 18. Qd2 Rfd8 19. Nd5 Nxd5 20. exd5 Bd7 21. Kh1 f5 22. f4 e4 {
Schwarz erobert Raum} 23. Rfe1 Qc5 24. Re3 a5 25. g4 g6 26. gxf5 gxf5 $2 (26...
Bxf5 $142 {ist noch spielbar} 27. Bxe4 Rf8 $14) 27. Rg3+ $18 Kh8 (27... Kf7 28.
Qd1 Kf8 29. Bxe4 $18) 28. b4 (28. c4 $142 {und Weiss haette es noch leichter}
28... Qxc4 29. b3 $18) 28... axb4 $4 {Schwarz verkuerzt seine Leiden} (28...
Qb6 $142 29. Qb2 Rc4 $18) 29. cxb4 e3 30. Rxe3 Be8 (30... Qxe3 {
haette noch versucht werden koennen} 31. Qxe3 Rg8 $18) 31. bxc5 (31. bxc5 Kg8
32. Qb2 $18) 1-0

[Event "58. BEM 2004"]
[Site "Dortmund"]
[Date "2004.03.08"]
[Round "4.10"]
[White "Gerke, Dieter"]
[Black "Thormann, Olaf"]
[Result "0-1"]
[WhiteElo "1484"]
[BlackElo "1900"]
[Annotator "Fritz 7 (15s)"]
[PlyCount "84"]
[EventDate "2004.??.??"]
[Source "SG Dortmund"]
[SourceDate "2004.12.16"]

{B32: Sicilian: Loewenthal and Kalashnikov Variations
} 1. Nf3 c5 2. e4 Nc6 3.
d4 cxd4 4. Nxd4 e5 5. Nxc6 bxc6 6. Bd3 Bc5 7. Nd2 $146 (7. O-O Nf6 (7... Ne7 8.
c4 (8. Kh1 Ng6 9. Qh5 Qb6 10. Nd2 Ba6 11. f4 O-O-O 12. fxe5 Rde8 13. e6 Rxe6
14. Bxa6+ Qxa6 15. Qxc5 Rxe4 16. Nxe4 Qxf1+ 17. Qg1 Qe2 18. Nd6+ Kb8 19. Be3
Qxc2 20. Bxa7+ Ka8 21. Qb6 {1-0 Schenkerik,C-Tivolt,F/HUN 2000/EXT 2002 (21)})
8... O-O 9. Nc3 Bd4 10. Ne2 Bb6 11. Qc2 d6 12. Kh1 f5 13. Bg5 f4 14. f3 h6 15.
Bh4 g5 16. Bf2 Bxf2 17. Rxf2 c5 18. a3 a5 19. Nc3 Nc6 20. Nb5 g4 21. fxg4 Bxg4
22. Be2 {Ochodek,M-Piskorz,H/Wisla 1998/EXT 2000/1-0 (56)}) 8. c4 (8. Nd2 O-O
9. Nb3 Bb6 10. c4 d6 11. Bg5 h6 12. Bh4 a5 13. c5 dxc5 14. Rc1 g5 15. Bg3 Qe7
16. Nd2 Rd8 17. Nc4 Bc7 18. Qe2 Rd4 19. f3 Nh5 20. Ne3 Bb6 21. Bc4 Nf4 22. Qc2
Be6 {Sierra,M-Munoz Pantoja,M/PER 1995/EXT 99/1-0 (36)}) 8... O-O 9. Kh1 Rb8
10. f4 Bd4 11. Nc3 d6 12. f5 h6 13. Qf3 Bb7 14. Qg3 Nh5 15. Qh3 Nf4 16. Bxf4
exf4 17. Rxf4 d5 18. Re1 Re8 19. Ref1 Be5 20. Rg4 Qf6 21. Na4 Bd4 {
Krasovzkaya,A-Vandelinde,M/Oropesa del Mar 2001/EXT 2002/1/2-1/2 (37)}) 7...
Qf6 8. O-O d6 9. Nc4 Qg6 10. Qd2 h6 11. Re1 Be6 12. b4 Bd4 (12... Bxc4 $5 {
ist vielleicht staerker} 13. Bxc4 Bb6 $14) 13. Nxd6+ $18 Kf8 14. c3 Bb6 15. c4
(15. Nc4 $142 $5 Bxc4 16. Bxc4 $16) 15... Bh3 $14 16. Bf1 Bd4 17. c5 $4 {
gibt den Vorteil aus der Hand} (17. Rb1 $142 {haette die Niederlage vermieden}
17... Bxg2 {Beseitigt den Bauernschutz} 18. Bxg2 Qxd6 19. Rb3 $14) 17... Bxa1
$19 18. Bb2 Bxb2 19. Qxb2 Bd7 20. Re3 f6 (20... Be6 $5 21. Qxe5 Nf6 22. Ra3 $19
) 21. Qb3 $17 Be8 22. Rg3 Qh7 23. Qe6 g6 24. Bc4 $2 (24. Nxe8 $5 Rxe8 25. Qxc6
Qf7 $19) 24... Qe7 (24... Bd7 $142 $5 {waere im Gewinnsinne praeziser} 25. Qf7+
Qxf7 26. Nxf7 $19) 25. Qg4 h5 26. Qd1 Rd8 27. Rd3 Nh6 28. h3 Nf7 29. Bxf7 Bxf7
30. Qa4 Be8 31. Qa5 Rh7 32. Nf5 gxf5 33. Rxd8 fxe4 34. Rd6 Rg7 35. Qa3 Qf7 36.
Qe3 Qg6 37. g3 Rd7 38. Qd2 Qg7 39. a4 h4 40. g4 Rf7 41. Qe2 (41. Rd8 Re7 42.
Qd6 $19) 41... f5 42. Kh2 (42. b5 {nuetzt auch nichts mehr} 42... fxg4 43. hxg4
Rf3 44. Qxe4 Rf4 $19) 42... fxg4 (42... fxg4 43. hxg4 Qg5 $19) 0-1

[Event "58. BEM 2004"]
[Site "Dortmund"]
[Date "2004.03.08"]
[Round "4.11"]
[White "Ziemek, Gerhard"]
[Black "Starp, Klaus"]
[Result "1-0"]
[WhiteElo "1740"]
[BlackElo "1892"]
[Annotator "Fritz 7 (15s)"]
[PlyCount "93"]
[EventDate "2004.??.??"]
[Source "SG Dortmund"]
[SourceDate "2004.12.16"]

{B21: Sicilian: 2 f4 and Morra Gambit
} 1. e4 c5 2. f4 d5 3. exd5 Qxd5 4. Nc3
Qd6 5. d4 (5. Nf3 Nf6 6. d4 cxd4 7. Nb5 Qd8 8. Qxd4 Bd7 9. Qe5 Bxb5 10. Qxb5+
Qd7 11. Ne5 Qxb5 12. Bxb5+ Nfd7 13. Be3 a6 14. Bxd7+ Nxd7 15. Nxd7 Kxd7 16.
O-O-O+ Ke8 17. Rd3 Rd8 18. Rhd1 Rxd3 19. Rxd3 e6 {
Campora,D-Komljenovic,D/Sevilla 1999/EXT 2000/1-0 (60)}) 5... e6 $146 {
Sichert d5} (5... cxd4 6. Nb5 Qb6 7. Qxd4 Qxd4 8. Nxd4 a6 (8... Bd7 9. Ngf3 Nc6
10. Nxc6 Bxc6 11. Ne5 Bd7 12. Be3 Nf6 13. O-O-O a6 14. Bc4 e6 15. f5 Bc8 16.
Bb6 Be7 17. Rhe1 O-O 18. g4 h5 19. h3 Nh7 20. Kb1 Bh4 21. Re2 exf5 22. Ng6 {
1-0 Maier,A-Both,E/Garmisch Partenkirchen 1991/EXT 2002 (22)}) 9. g3 (9. Ngf3
Nf6 10. Bc4 Nbd7 11. O-O b5 12. Be2 e6 13. c3 Bb7 14. f5 e5 15. Nb3 Bd5 16.
Nfd2 Nb6 17. Bf3 Bd6 18. Bxd5 Nbxd5 19. Nf3 O-O 20. Bg5 Bc7 21. Kh1 {
1/2-1/2 Kohout,P-Anka,E/Bayern 2000/EXT 2001 (21)}) 9... Nf6 10. Bg2 e6 11. Bd2
Bc5 12. Ngf3 Nbd7 13. Ke2 O-O 14. Rhd1 e5 15. Nb3 e4 16. Nfd4 Bxd4 17. Nxd4 Nb6
18. h3 Nc4 19. Bb4 Re8 20. b3 {
Nordstrom,F-Madebrink,L/Borlange 1995/EXT 97/1/2-1/2 (35)}) 6. Be3 Qb6 7. Nf3
Nf6 (7... Qxb2 $2 {wird widerlegt durch} 8. Nb5 Na6 9. Rb1 Qxa2 10. Ra1 $18) 8.
Nb5 Na6 (8... Nd5 9. dxc5 Bxc5 10. Bxc5 Qxc5 11. Qd4 Qxd4 12. Nfxd4 $11) 9. c3
{Deckt b4} 9... Bd7 10. a4 Be7 (10... Nd5 11. Bg1 f6 12. dxc5 Bxc5 13. a5 $14)
11. Ne5 (11. dxc5 Bxc5 12. a5 $16) 11... Bc6 $2 (11... O-O $142 $14 {
und Schwarz kann noch kaempfen}) 12. dxc5 $18 Bxc5 13. Nd6+ (13. a5 Qd8 14.
Bxc5 Qxd1+ 15. Rxd1 Nxc5 16. Nc7+ Ke7 17. Nxa8 Rxa8 $18) 13... Ke7 14. Ndc4 (
14. Bxc5 $142 $5 Nxc5 15. Qe2 $16 (15. Nexf7 Qxb2 16. Be2 Nd5 $19) (15. Ndxf7
Qxb2 16. Rc1 Bxa4 17. Qd6+ Ke8 $19) (15. Nxc6+ $143 Qxc6 16. Nc4 Qe4+ 17. Kf2
Qxf4+ 18. Qf3 Qxf3+ 19. gxf3 Rhd8 $17)) 14... Qc7 $14 15. Bxc5+ Nxc5 16. b4
Rhd8 17. Qc2 (17. bxc5 $2 {ist verfuehrerisch, aber} 17... Rxd1+ 18. Rxd1 Kf8
$19) ({Und nicht} 17. Nxc6+ Qxc6 18. Qb1 Qe4+ 19. Qxe4 Ncxe4 $19 (19... Nfxe4
$2 20. bxc5 Rac8 21. a5 $18)) 17... Be4 18. Qa2 (18. Qb2 $142 $5 {
lohnt die Pruefung} 18... Nd3+ 19. Bxd3 Bxd3 20. Ne3 $11 (20. Nxd3 $143 Rxd3
21. Ne5 Qxc3+ 22. Qxc3 Rxc3 $19)) 18... Nd3+ $17 19. Bxd3 Bxd3 20. O-O-O Bxc4
21. Qxc4 Qxc4 22. Nxc4 Rxd1+ 23. Rxd1 Nd5 24. Kc2 Nxf4 25. g3 Nd5 26. Kb3 Rc8
27. Rd3 f5 28. Ne5 g5 29. c4 Nf6 30. a5 Rc7 31. c5 a6 32. Nc4 Ne4 33. Nb6 f4 (
33... g4 $142 $5 $17) 34. Rd4 $11 f3 $2 (34... Nxc5+ $142 {
sieht noch spielbar aus} 35. bxc5 Rxc5 36. gxf4 gxf4 37. Rxf4 Rxa5 $11) 35.
Rxe4 $18 f2 36. Nd5+ Kd8 37. Ne3 Rf7 38. Nf1 (38. Rxe6 $6 Rf3 39. Kc2 Rxe3 $11)
38... Kd7 39. Re3 Rf6 40. Kc4 h5 41. Rd3+ Ke7 42. b5 h4 (42... Rf8 43. Rb3 $18)
43. gxh4 (43. bxa6 $5 {damit wuerde Weiss es sich noch erleichtern} 43... hxg3
44. hxg3 bxa6 $18) 43... gxh4 44. c6 (44. Rd4 {
erleichterte Weiss die Gewinnfuehrung} 44... axb5+ 45. Kxb5 e5 46. Rxh4 Ke6 $18
) 44... Rf4+ $2 (44... axb5+ 45. Kxb5 Rf5+ 46. Kb6 bxc6 47. Rd2 Rb5+ 48. Kxc6
Rxa5 49. Rxf2 $18) 45. Kc3 (45. Rd4 $5 {laesst dem Gegner kaum Chancen} 45...
axb5+ 46. Kd3 Rxd4+ 47. Kxd4 Kd6 48. cxb7 Kc7 $18) 45... bxc6 46. bxc6 Rf5 (
46... e5 47. c7 Rf8 48. Rd5 $18) 47. Kc4 (47. Kc4 Rf4+ 48. Kc5 $18) 1-0

[Event "58. BEM 2004"]
[Site "Dortmund"]
[Date "2004.03.08"]
[Round "4.12"]
[White "Grube, Jörg"]
[Black "Raszelenberg, Patrick"]
[Result "1-0"]
[WhiteElo "1887"]
[BlackElo "1747"]
[Annotator "Fritz 7 (15s)"]
[PlyCount "69"]
[EventDate "2004.??.??"]
[Source "SG Dortmund"]
[SourceDate "2004.12.16"]

{B81: Sicilian Scheveningen: Keres Attack
} 1. e4 c5 2. Nf3 a6 3. Nc3 d6 4. d4
cxd4 5. Nxd4 e6 6. Be3 Nf6 7. g4 e5 (7... d5 8. exd5 Nxd5 9. Nxd5 Qxd5 10. Rg1
Bd6 11. Bg2 Qa5+ 12. c3 O-O 13. h4 Rd8 14. Qc2 e5 15. Nb3 Qc7 16. Be4 g6 17.
O-O-O a5 18. h5 a4 19. Nc5 Bxc5 20. Rxd8+ Qxd8 21. Bxc5 Be6 22. hxg6 hxg6 23.
g5 Qc7 24. Ba3 Kg7 25. f3 Nd7 26. Rh1 Rh8 27. Rxh8 Kxh8 28. Qxa4 Qd8 29. b3
Qxg5+ 30. Kb1 Kg7 31. Bc1 Qg3 32. Qb4 Nf6 33. a4 Bd5 34. Bb2 Qe1+ 35. Ka2 Bxe4
36. fxe4 Qxe4 37. c4 Ng4 38. Qe7 b6 39. Qc7 Qe3 40. c5 bxc5 41. a5 Qe2 42. Qxc5
{Tolnai,T-Hoelzl,F/Budapest 1994/CBM 41 ext/1-0 (63)}) 8. Nf5 Nxg4 $4 $146 (
8... h6 9. h3 g6 10. Nxh6 Rxh6 11. g5 Rh4 12. gxf6 Nd7 13. Bg5 Rh5 14. h4 Nxf6
15. Nd5 Rxg5 16. Nxf6+ Qxf6 17. hxg5 Qxg5 18. Qd3 Qg4 19. Qe3 f5 20. Bh3 Qxe4
21. Qxe4 fxe4 22. Bxc8 Rxc8 23. O-O-O Kd7 24. Rh8 Ke6 25. Rdh1 d5 26. R1h7 Rb8
27. Kd1 d4 28. Rg8 Kf6 29. Rhg7 Bxg7 30. Rxb8 b5 31. Rb6+ Kf5 32. Rxa6 g5 33.
Ke2 Bf8 34. a3 b4 35. axb4 Bxb4 36. Rb6 Bc5 37. Rb7 Ke6 38. b4 Bd6 39. b5 Kd5
40. Rb6 g4 41. Rc6 Bc5 42. Rg6 d3+ 43. cxd3 exd3+ 44. Kxd3 Bxf2 45. b6 g3 46.
Ke2 Bc5 47. b7 Ba7 48. Kf1 e4 49. Ra6 Bb8 50. Ra8 {
1-0 Wang Yu-Sergeeva,M/Chennai 2001/CBM 84 ext (50)}) (8... h5 9. g5 Nxe4 10.
Nxg7+ Bxg7 11. Nxe4 d5 12. Nf6+ Bxf6 13. gxf6 Bg4 14. Be2 Qd7 15. Rg1 Nc6 16.
Bb6 Qd6 17. c3 Qxf6 18. Qxd5 Nd8 19. Bc7 Rc8 20. Qxe5+ Qxe5 21. Bxe5 Rh6 22.
Bxg4 hxg4 23. O-O-O {Simacek,P-Blazkova,P/Litomysl 1997/EXT 99/1-0 (33)}) (8...
g6 9. Nh6 Bxh6 10. Bxh6 Nxg4 11. Qd2 Be6 12. O-O-O Nc6 13. Bg5 f6 14. Bh4 g5
15. Bg3 Nd4 16. f3 Nxf3 17. Qxd6 Qxd6 18. Rxd6 Nd4 19. Bh3 h5 20. Nd5 Rd8 21.
Rxd8+ Kxd8 22. Be1 Bxd5 23. exd5 {
Rewitz,P-Ejsing,E/Denmark 1998/EXT 99/1/2-1/2 (55)}) (8... g6 $142 {
war noch moeglich} 9. g5 gxf5 10. gxf6 f4 $11) 9. Qxg4 $18 g6 10. Nd5 gxf5 11.
Qh5 Nd7 (11... Rg8 {bietet noch letzte Rettungschancen} 12. Bb6 Qg5 13. Nc7+
Ke7 14. Nd5+ Ke8 $18) 12. Bg5 Qa5+ 13. b4 Qxd5 14. exd5 h6 15. O-O-O b5 16. Bh3
Bg7 (16... a5 {aendert den Lauf der Dinge nicht} 17. bxa5 Bg7 18. Bh4 $18) 17.
Bh4 Nf6 18. Bxf6 Bxf6 19. Bxf5 Bg5+ 20. f4 Bxf4+ 21. Kb1 Ke7 (21... Rf8 {
aendert nichts am Ausgang der Partie} 22. Rdf1 Bd2 23. Rhg1 $18) 22. Rhf1 Rf8 (
22... Bxf5 {ist noch eine Idee} 23. Qxf5 Rhg8 24. Rxf4 exf4 25. Re1+ Kf8 $18)
23. Rxf4 $1 {Eliminiert eine wichtige Deckungsfigur: f4} 23... exf4 24. Re1+
Kf6 25. Bd3 Kg7 (25... Rh8 {holt die Kuh nicht vom Eis} 26. Kb2 Bh3 27. Qxh3
Rae8 28. Qf5+ Kg7 29. Rg1+ Kf8 30. Qf6 Re5 31. Bf5 Ke8 32. Qxh8+ Ke7 33. Rg8
Rxf5 34. Re8+ Kd7 35. Rc8 f3 36. Qe8#) 26. Rg1+ Kf6 27. Qh4+ Ke5 28. Qe7+ Be6 (
28... Kd4 {nuetzt auch nichts mehr} 29. c3+ $1 {Die Raeumung erlaubt g1-c1}
29... Kxc3 30. Rc1+ Kxd3 31. Rd1+ Kc3 32. Qe4 f3 33. Qd4#) 29. dxe6 (29. Re1+
Kxd5 30. Qb7+ Kd4 31. Kb2 f5 32. Re4+ fxe4 33. Qxe4#) 29... fxe6 (29... Ra7 {
waere gleichermassen fruchtlos} 30. Re1+ Kd5 31. Be4+ Ke5 32. Bg2+ Kf5 33. Bh3+
Kg6 34. Rg1+ Kh5 35. Qf6 Rg8 36. Rxg8 fxe6 37. Bg4#) 30. Re1+ Kd4 31. Qxd6+ Kc3
32. Qc5+ Kd2 33. Qf2+ (33. Re2+ Kd1 34. Qg1#) 33... Kc3 34. Qc5+ (34. Re4 Rad8
35. Qe1#) 34... Kd2 $11 35. Re2+ (35. Re2+ Kd1 36. Qg1#) 1-0